Plano de ação nacional para a conservação de albatrozes e petréis (Planacap) (Registro n. 82986)
[ somente texto ]
| 000 -LÍDER | |
|---|---|
| campo de controle de tamanho fixo | 01055nam a22003257a 4500 |
| 001 - NÚMERO DE CONTROLE | |
| campo de controle | BR2017000231 |
| 003 - IDENTIFICADOR DO NÚMERO DE CONTROLE | |
| campo de controle | BR-BrBNA |
| 005 - DATA E HORÁRIO DA ÚLTIMA TRANSAÇÃO | |
| campo de controle | 20230928105025.0 |
| 007 - CAMPO FIXO DE DESCRIÇÃO FÍSICA--INFORMAÇÃO GERAL | |
| campo de controle de tamanho fixo | ta |
| 008 - CAMPO DE DADOS FIXOS--INFORMAÇÃO GERAL | |
| campo de controle de tamanho fixo | 230509b bl.||||| |||| 00| 0 por d |
| 040 ## - FONTE DA CATALOGAÇÃO | |
| Instituição da catalogação original | BR-BrBNA |
| Idioma da catalogação | por |
| Instituição que transcreveu o registro | Biblioteca Nacional de Agricultura |
| 041 ## - CÓDIGO DE IDIOMA | |
| Código do idioma do texto/trilha sonora ou título diferente | (Por) |
| 072 ## - CÓDIGO DE CATEGORIA DE ASSUNTO | |
| Código de Categoria de Assunto | P01 |
| 090 ## - NÚMERO DE CHAMADA LOCAL | |
| -- | P01 BR2017000231 |
| 100 1# - ENTRADA PRINCIPAL--NOME PESSOAL | |
| Nome pessoal | Neves, T. |
| 100 1# - ENTRADA PRINCIPAL--NOME PESSOAL | |
| Nome pessoal | Olmos, F. |
| 100 1# - ENTRADA PRINCIPAL--NOME PESSOAL | |
| Nome pessoal | Peppes, F. |
| 100 1# - ENTRADA PRINCIPAL--NOME PESSOAL | |
| Nome pessoal | Mohr, L.V. |
| 110 1# - ENTRADA PRINCIPAL--NOME CORPORATIVO | |
| Nome corporativo ou nome da jurisdição | Ministério do Meio ambiente, Brasília, DF (Brasil). Inst. Brasileiro do Meio Ambiente e dos Recursos Naturais Renováveis, Brasília, DF (Brasil) |
| 9 (RLIN) | 7543 |
| 245 1# - TÍTULO | |
| Título | Plano de ação nacional para a conservação de albatrozes e petréis (Planacap) |
| Restante do título | Série Espécies Ameaçadas Nº 2 |
| 260 3# - PUBLICAÇÃO, DISTRIBUIÇÃO, ETC. | |
| Local de publicação, distribuição, etc. | Brasília, DF (Brasil): |
| Data da publicação, distribuição, etc. | 2006. |
| 300 ## - DESCRIÇÃO FÍSICA | |
| Extensão | 126 p. |
| 500 ## - NOTA GERAL | |
| Nota geral | Bibliography p. 97-105; 55 illus |
| 650 ## - ASSUNTO--TERMO TÓPICO | |
| Cabeçalho tópico ou nome geográfico | PLANEJAMENTO |
| 650 ## - ASSUNTO--TERMO TÓPICO | |
| Cabeçalho tópico ou nome geográfico | AVE MARINHA |
| 650 ## - ASSUNTO--TERMO TÓPICO | |
| Cabeçalho tópico ou nome geográfico | ESPÉCIE EM EXTINÇÃO |
| 650 ## - ASSUNTO--TERMO TÓPICO | |
| Cabeçalho tópico ou nome geográfico | CONSERVAÇÃO |
| 909 ## - | |
| -- | 202309 |
| -- | Lucia |
| -- | 55 |
| -- | Lucia Elande |
| 942 ## - ELEMENTOS DE ENTRADA ADICIONADOS (KOHA) | |
| Tipo de material Koha | Livros |
| Situação do descarte | Fonte da classificação ou esquema de arquivamento na estante | Situação física | Não pode ser emprestado | Biblioteca de origem | Biblioteca atual | Total de empréstimos | Número de telefone completo | Código de barras | Data de último acesso | Número do exemplar | Tipo de material Koha | Situação das perdas | Data de aquisição | Fonte de aquisição | Qualificador de local codificado | Custo, preço normal de compra | Número do inventário | Custo, preço de reposição | Preço efetivo de |
|---|---|---|---|---|---|---|---|---|---|---|---|---|---|---|---|---|---|---|---|
| Classificação AGRIS | Biblioteca Nacional de Agricultura - Binagri | Biblioteca Nacional de Agricultura - Binagri | P01 BR2017000231 | 2023-436763 | 25/09/2023 | 01 | Livros | 2023-09-25 | Portaria Interministerial nº 164/94 |

BINAGRI